000 00701nam a2200265Ia 4500
003 OSt
005 20221007110604.0
006 a|||||r|||| 00| 0
007 ta
008 221006b |||||||| |||| 00| 0 eng d
020 _a0122353501
024 _a21,379
037 _cTextual
040 _aLCO
_cLCO
_beng
041 _2eng
_aeng
082 _aYObS, L2
100 _aEiser J. Richard
245 0 _aCategorization and Social Judgement
260 _aLondon
_bAcademic Press U.S.A.
_c1972
300 _a235
650 _aJUDGEMENT
_9265383
700 _a Stroebe Wolfgang
942 _hYObS, L2
_cTEXL
999 _c1190942
_d1190942